Połączone państwa na mapie świata #7 - Statystyki

Ogólne statystyki
  • Ten quiz został rozwiązany 30 924 razy
  • Średni wynik to 13 z 20
Odpowiedzi na mapie
Odpowiedzi zakodowano w zielono-czerwonej skali na mapie do tego quizu, zgodnie z poniższymi procentami.
 
Statystyki odpowiedzi
Połączone państwa % Poprawnych
Polska
95%
Stany Zjednoczone
94%
Francja
90%
Kanada
87%
Hiszpania
81%
Egipt
80%
Białoruś
79%
Chile
74%
Argentyna
71%
Libia
65%
Iran
61%
Irak
57%
Angola
55%
Indie
47%
Zambia
47%
Kolumbia
46%
Ekwador
44%
Nepal
40%
Laos
36%
Wietnam
36%
Nie znaleziono quizów pasujących do podanych kryteriów
Rozkład punktacji
Procent ludzi z każdym wynikiem
Percentyl według liczby udzielonych odpowiedzi
Twoja historia wyników
Nie rozwiązałeś tego quizu